header

The striking cabbies of Cairo and other stories (Record no. 218348)

MARC details
000 -LEADER
fixed length control field 01515nam a2200373Ia 4500
082 04 - DEWEY DECIMAL CLASSIFICATION NUMBER
Classification number 338.6/32/096209034
100 1# - MAIN ENTRY--AUTHOR NAME
Personal name Chalcraft, John T.,
245 14 - TITLE STATEMENT
Title The striking cabbies of Cairo and other stories
260 ## - PUBLICATION, DISTRIBUTION, ETC. (IMPRINT)
Place of publication Albany :
Name of publisher State University of New York Press,
Year of publication c2004.
300 ## - PHYSICAL DESCRIPTION
Number of Pages xvi, 285 p. :
Other physical details ill.
490 0# - SERIES STATEMENT
Series statement SUNY series in the social and economic history of the Middle East
650 #0 - SUBJECT ADDED ENTRY--TOPICAL TERM
Topical Term Guilds
Topical Term Handicraft
Topical Term Strikes and lockouts
856 40 - ELECTRONIC LOCATION AND ACCESS
Uniform Resource Identifier http://site.ebrary.com/lib/rucke/Doc?id=10594751

No items available.

© 2026 Rongo University
Contact us: librarian | system librarian | Rongo university